000 00459nam a2200181Ia 4500
005 20250423095010.0
008 250422s9999 xx 000 0 und d
020 _a0-7914-1780-8
050 _aQA 76.76.063 .F64/
100 _aWarren M. Littlefield
245 0 _adBase from the dot prompt
260 _aNew York
260 _bState University Of New York Press
260 _c1993
300 _a591 p
650 _aStructured Programming
942 _cBK
999 _c28930
_d28930